| 000 | 02056cam a22004214i 4500 | ||
|---|---|---|---|
| 003 | PE-LiUPU | ||
| 005 | 20250731184542.0 | ||
| 008 | 150623s r 000 0 d | ||
| 035 | _a(Sirsi) a26165 | ||
| 040 |
_aPE-LiUPU _bspa _cPE-LiUPU _erda |
||
| 082 | 0 | 4 |
_a915.694 _bK19 _221 |
| 100 | 1 |
_aKaminker, Sarah Fox, _eautor. |
|
| 245 | 1 | 0 |
_aFootloose in Jerusalem / _cSarah Fox Kaminker. |
| 264 | 1 |
_aJerusalem, Israel : _bFootloose Publishers, _c1988. |
|
| 300 |
_a209 páginas : _bilustraciones mapas, gráficos ; _c23 cm. |
||
| 336 |
_atext _2rdacontent |
||
| 337 |
_aunmediated _2rdamedia |
||
| 338 |
_avolume _2rdacarrier |
||
| 505 | 0 | _aFootnotes to footloose. Tips for walkers. -An introduction to Jerusalem. -Dates to remember: From kig David to the six-day war. -The first walk: From the mount of olives to the waters of Rogel. -The second walk: From remez square to Mount Zion. -The third walk: From wingate square through the Geman colony. -The fourth walk: From place de France to the craftsma's courtyard. -The fifth walk: From Zion square through me'a she'arim. The sixth walk: From Damascus gate through the moslem quarter. -The seventh walk: From New gate through the christian and Armenian quarters. -The eighth walk: From dung gate through the Jewihs quarter. -Don't leave without seeing. List of illustrations. | |
| 526 | _aP136 | ||
| 526 | _aP135 | ||
| 526 | _aP134 | ||
| 526 | _aP133 | ||
| 526 | _aP144 | ||
| 526 | _aP143 | ||
| 526 | _aP87 | ||
| 526 | _aP35 | ||
| 526 | _aP20 | ||
| 526 | _aP14 | ||
| 526 | _aP10 | ||
| 526 | _aP06 | ||
| 650 | 0 | 4 |
_aTurismo _xGuía _zJerusalen. |
| 942 |
_2ddc _cBOOK |
||
| 949 |
_a915.694 K19 _wDEWEY _c1 _i51446 _lCCODEBUL1 _mBUL _p12.00 _r0 _sY _tBOOK _u2015-06-24 _xTEOLOGIA _PP35 _0COMPRA _o.STAFF. Colección General |
||
| 596 | _a1 | ||
| 999 |
_a915.694 K19 _wDEWEY _c33166 _i51446 _f2021-11-11 _g5 _lCCODEBUL1 _mBUL _p12.00 _r0 _sY _tBOOK _u2015-6-24 _xTEOLOGIA _PP35 _0COMPRA _o.STAFF. Colección General _d33166 |
||
| 980 |
_81 _gALBERTO SANCHEZ Responsable de Automatización |
||